Test de Rapidité - Lettre "U" - Statistiques

Statistiques générales
  • Ce quiz a été pris 1 156 fois
  • Le résultat moyen est 93 sur 100
Statistiques - réponses
Lettre "U" % Correct
U
100%
U
100%
U
100%
U
99%
U
99%
U
98%
U
98%
U
98%
U
98%
U
98%
U
98%
U
98%
U
98%
U
98%
U
98%
U
98%
U
97%
U
97%
U
97%
U
97%
U
96%
U
96%
U
96%
U
96%
U
96%
U
96%
U
96%
U
96%
U
96%
U
96%
U
96%
U
96%
U
96%
U
96%
U
96%
U
96%
U
96%
U
96%
U
96%
U
96%
U
96%
U
96%
U
96%
U
95%
U
95%
U
95%
U
95%
U
95%
U
95%
U
95%
U
95%
U
95%
U
95%
U
95%
U
95%
U
95%
U
95%
U
95%
U
95%
U
94%
U
94%
U
94%
U
94%
U
94%
U
94%
U
94%
U
93%
U
93%
U
93%
U
93%
U
92%
U
92%
U
92%
U
91%
U
91%
U
91%
U
91%
U
90%
U
90%
U
90%
U
89%
U
89%
U
88%
U
87%
U
87%
U
86%
U
85%
U
84%
U
83%
U
82%
U
82%
U
81%
U
80%
U
79%
U
78%
U
77%
U
76%
U
75%
U
74%
U
73%
Aucun quiz correspondant
Distribution des résultats
% des personnes avec chaque résultat
Percentile par nombre de réponses
Votre historique - résultats
Vous n’avez pas pris ce quiz